000 00705cam a22002531 4500
001 ne 63000714
003 DLC
005 20260227111743.0
008 830613s1962 ua 000 0 eng
010 _ane 63000714
035 _a(OCoLC)16761996
040 _aDLC
_cOrPS
_dDLC
042 _apremarc
043 _aa------
_af------
050 0 0 _aHF3886
_b.A4
110 2 _aAfro-Asian Organization for Economic Co-operation.
245 0 0 _aWorking paper on commodity production, prices and trade.
250 _a[1st ed.]
260 _aCairo
_c[1962]
300 _a45 p.
_c28 cm.
651 0 _aAfrica
_xCommerce.
651 0 _aAsia
_xCommerce.
740 0 _aCommodity production, prices and trade.
999 _c45758
_d45758